[Event "V Sunway Sitges Open 2018"]
[Site "Sitges"]
[Date "2018.12.14"]
[Round "1"]
[White "Haisma, Henk"]
[Black "Isaksson, Max"]
[Result "1-0"]
[WhiteElo "1807"]
[BlackElo "1409"]
[Annotator "NA RC"]
[PlyCount "91"]
[EventDate "2018.12.14"]
[EventType "swiss"]
[EventCountry "ESP"]
[SourceTitle "playchess.com"]
[Source "ChessBase"]
[SourceQuality "1"]
[TimeControl "40/5400+30:1800+30"]

1. b4 {[%emt 0:00:54]} d5 {[%emt 0:00:00]} 2. Bb2 {[%emt 0:00:13]} Nf6 {[%emt 0:00:00]} 3. a3 {[%emt 0:00:04]} Bf5 {[%emt 0:00:00]} 4. e3 {[%emt 0:00:15]} e6 {[%emt 0:00:00]} 5. Nf3 {[%emt 0:00:38]} Bd6 {[%emt 0:00:09]} 6. c4 {[%emt 0:00:06]} c6 {[%emt 0:01:55]} 7. d3 {[%emt 0:02:17]} Nbd7 {[%emt 0:00:58]} 8. Nbd2 {[%emt 0:03:57]} O-O {[%emt 0:01:46]} 9. d4 {[%emt 0:03:21]} Ne4 {[%emt 0:02:23]} 10. Be2 {[%emt 0:02:12]} Qf6 {[%emt 0:02:32]} 11. g3 {[%emt 0:09:39]} Nxd2 {[%emt 0:27:39]} 12. Nxd2 {[%emt 0:05:00]} Qg6 {[%emt 0:06:47]} 13. Bh5 {[%emt 0:10:23]} Qh6 {[%emt 0:01:55]} 14. c5 {[%emt 0:12:20]} Bc7 {[%emt 0:00:50]} 15. f4 {[%emt 0:01:36]} Nf6 {[%emt 0:10:02]} 16. Bf3 {[%emt 0:00:03]} Qh3 {[%emt 0:02:57]} 17. Qe2 {[%emt 0:01:56]} Bg4 {[%emt 0:05:38]} 18. O-O-O {[%emt 0:06:22]} Bxf3 {[%emt 0:00:19]} 19. Nxf3 {[%emt 0:02:06]} a5 {[%emt 0:02:23]} 20. Qe1 {[%emt 0:05:27]} Qg4 {[%emt 0:04:57]} 21. Ng5 {[%emt 0:03:30]} h6 {[%emt 0:01:47]} 22. h3 {[%emt 0:00:06]} Qf5 {[%emt 0:00:37]} 23. g4 {[%emt 0:00:09]} Qg6 {[%emt 0:00:18]} 24. Nf3 {[%emt 0:02:04]} Qe4 {[%emt 0:00:42]} 25. Ne5 {[%emt 0:03:46]} axb4 {[%emt 0:01:44]} 26. axb4 {[%emt 0:02:18]} Ra2 {[%emt 0:10:06]} 27. Nd3 {[%emt 0:01:03]} Rfa8 {[%emt 0:01:28]} 28. Qe2 {[%emt 0:03:21]} b6 {[%emt 0:02:42]} 29. Nf2 {[%emt 0:01:47]} Qh7 {[%emt 0:00:35]} 30. Qd3 {[%emt 0:00:50]} Qxd3 {[%emt 0:00:31]} 31. Nxd3 {[%emt 0:00:09]} b5 {[%emt 0:00:30]} 32. Nf2 {[%emt 0:02:17]} R8a4 {[%emt 0:01:03]} 33. Kb1 {[%emt 0:01:51]} Ra8 {[%emt 0:01:25]} 34. h4 {[%emt 0:00:55]} R2a4 {[%emt 0:00:35]} 35. Bc3 {[%emt 0:05:03]} Ra3 {[%emt 0:00:38]} 36. Kc2 {[%emt 0:01:47]} Ra2+ {[%emt 0:01:15]} 37. Bb2 {[%emt 0:00:09]} R8a3 {[%emt 0:02:57]} 38. Kb1 {[%emt 0:01:27]} Ra8 {[%emt 0:01:04]} 39. g5 {[%emt 0:00:03]} hxg5 {[%emt 0:00:33]} 40. hxg5 {[%emt 0:00:00]} Ne4 {[%emt 0:00:00]} 41. Nxe4 {[%emt 0:01:10]} dxe4 {[%emt 0:01:14]} 42. Rh3 {[%emt 0:00:52]} g6 {[%emt 0:00:11]} 43. Rdh1 {[%emt 0:02:33]} Kg7 {[%emt 0:01:54]} 44. d5+ {[%emt 0:03:34]} Rxb2+ {[%emt 0:01:31]} 45. Kxb2 {[%emt 0:00:21]} exd5 {[%emt 0:00:03]} 46. Rh7+ 1-0

[Event "V Sunway Sitges Open 2018"]
[Site "Sitges"]
[Date "2018.12.14"]
[Round "1"]
[White "Castells Pagan, Raul"]
[Black "Pedashenko, Anatoly"]
[Result "0-1"]
[WhiteElo "1745"]
[BlackElo "1985"]
[Annotator "NA RC"]
[PlyCount "60"]
[EventDate "2018.12.14"]
[EventType "swiss"]
[EventCountry "ESP"]
[SourceTitle "playchess.com"]
[Source "ChessBase"]
[SourceQuality "1"]
[TimeControl "40/5400+30:1800+30"]

1. d4 {[%emt 0:00:23]} Nf6 {[%emt 0:00:00]} 2. Nf3 {[%emt 0:00:32]} d5 {[%emt 0:01:22]} 3. c4 {[%emt 0:00:48]} e6 {[%emt 0:01:19]} 4. Nc3 {[%emt 0:01:00]} Be7 {[%emt 0:01:55]} 5. e3 {[%emt 0:01:08]} O-O {[%emt 0:00:53]} 6. Bd3 {[%emt 0:00:42]} b6 {[%emt 0:01:25]} 7. cxd5 {[%emt 0:04:45]} exd5 {[%emt 0:00:19]} 8. h3 {[%emt 0:02:30]} Bb7 {[%emt 0:00:44]} 9. O-O {[%emt 0:01:57]} Nbd7 {[%emt 0:00:41]} 10. Re1 {[%emt 0:04:26]} Ne4 {[%emt 0:02:18]} 11. Qc2 {[%emt 0:03:36]} Ndf6 {[%emt 0:01:48]} 12. Nd2 {[%emt 0:04:14]} Re8 {[%emt 0:04:18]} 13. Bb5 {[%emt 0:10:43]} Rf8 {[%emt 0:26:51]} 14. Bd3 {[%emt 0:00:44]} Ng5 {[%emt 0:01:51]} 15. f4 {[%emt 0:05:56]} Ne6 {[%emt 0:01:34]} 16. Nf3 {[%emt 0:11:20]} c5 {[%emt 0:04:03]} 17. f5 {[%emt 0:19:02]} Nc7 {[%emt 0:02:00]} 18. b3 {[%emt 0:01:34]} Re8 {[%emt 0:02:44]} 19. Bb2 {[%emt 0:02:21]} Bd6 {[%emt 0:04:15]} 20. g4 {[%emt 0:07:45]} Bg3 {[%emt 0:03:07]} 21. g5 {[%emt 0:06:12]} Bxe1 {[%emt 0:01:11]} 22. Rxe1 {[%emt 0:00:18]} Ne4 {[%emt 0:00:47]} 23. Qg2 {[%emt 0:03:35]} cxd4 {[%emt 0:02:28]} 24. Nxd4 {[%emt 0:01:25]} Nxg5 {[%emt 0:06:41]} 25. f6 {[%emt 0:01:37]} Qxf6 26. Rf1 {[%emt 0:00:28]} Qe5 {[%emt 0:06:30]} 27. Nf5 {[%emt 0:00:35]} h6 {[%emt 0:05:57]} 28. Ne4 {[%emt 0:01:00]} d4 {[%emt 0:00:40]} 29. Bxd4 {[%emt 0:01:34]} Bxe4 {[%emt 0:00:24]} 30. Bxe4 {[%emt 0:00:16]} Qxe4 {[%emt 0:00:20]} 0-1

[Event "V Sunway Sitges Open 2018"]
[Site "Sitges"]
[Date "2018.12.14"]
[Round "1"]
[White "Isaksson, Philip"]
[Black "Peredo Claros, Luis Gabriel"]
[Result "0-1"]
[WhiteElo "1459"]
[BlackElo "1813"]
[Annotator "NA RC"]
[PlyCount "44"]
[EventDate "2018.12.14"]
[EventType "swiss"]
[EventCountry "ESP"]
[SourceTitle "playchess.com"]
[Source "ChessBase"]
[SourceQuality "1"]
[TimeControl "40/5400+30:1800+30"]

1. e4 {[%emt 0:00:00]} e6 {[%emt 0:05:40]} 2. d4 {[%emt 0:00:00]} d5 {[%emt 0:00:12]} 3. exd5 {[%emt 0:00:00]} exd5 {[%emt 0:00:15]} 4. Bd3 {[%emt 0:00:00]} Bd6 {[%emt 0:00:59]} 5. Qf3 {[%emt 0:00:14]} Ne7 {[%emt 0:00:37]} 6. Ne2 {[%emt 0:00:18]} c6 {[%emt 0:00:14]} 7. c3 {[%emt 0:00:42]} Qc7 {[%emt 0:00:20]} 8. Bf4 {[%emt 0:01:06]} O-O 9. O-O Ng6 {[%emt 0:05:02]} 10. Bxd6 {[%emt 0:02:02]} Qxd6 {[%emt 0:00:16]} 11. Qg3 {[%emt 0:00:06]} Qd8 {[%emt 0:02:23]} 12. Nf4 {[%emt 0:07:40]} Nd7 {[%emt 0:00:37]} 13. Nd2 {[%emt 0:03:34]} Nf6 {[%emt 0:00:45]} 14. h3 {[%emt 0:02:52]} Bd7 {[%emt 0:00:37]} 15. Rae1 {[%emt 0:06:43]} Qb6 {[%emt 0:00:17]} 16. Nb3 {[%emt 0:03:47]} Rae8 {[%emt 0:01:00]} 17. Nxg6 {[%emt 0:05:08]} fxg6 {[%emt 0:25:02]} 18. Qd6 {[%emt 0:10:48]} Bc8 {[%emt 0:01:19]} 19. g4 {[%emt 0:16:55]} Ne4 {[%emt 0:11:44]} 20. Qh2 {[%emt 0:00:27]} Ng5 {[%emt 0:00:33]} 21. f4 {[%emt 0:00:54]} Rxe1 {[%emt 0:00:57]} 22. Rxe1 {[%emt 0:01:55]} Nf3+ 0-1

[Event "V Sunway Sitges Open 2018"]
[Site "Sitges"]
[Date "2018.12.14"]
[Round "1"]
[White "Stroup, James Howard"]
[Black "Jenny, Gerald"]
[Result "1/2-1/2"]
[WhiteElo "1394"]
[BlackElo "1807"]
[Annotator "NA RC"]
[PlyCount "62"]
[EventDate "2018.12.14"]
[EventType "swiss"]
[EventCountry "ESP"]
[SourceTitle "playchess.com"]
[Source "ChessBase"]
[SourceQuality "1"]
[TimeControl "40/5400+30:1800+30"]

1. d4 {[%emt 0:00:00]} d5 {[%emt 0:00:00]} 2. Nf3 {[%emt 0:00:04]} e6 {[%emt 0:00:00]} 3. Bf4 {[%emt 0:00:25]} c5 {[%emt 0:00:20]} 4. e3 {[%emt 0:00:21]} Nf6 {[%emt 0:00:37]} 5. c3 {[%emt 0:00:39]} a6 {[%emt 0:04:02]} 6. Bd3 {[%emt 0:01:47]} Bd6 {[%emt 0:01:02]} 7. Bg3 {[%emt 0:02:59]} O-O {[%emt 0:00:52]} 8. Nbd2 {[%emt 0:01:45]} Nc6 {[%emt 0:03:14]} 9. Qc2 {[%emt 0:05:19]} g6 {[%emt 0:06:55]} 10. Ne5 {[%emt 0:05:57]} Nh5 {[%emt 0:07:50]} 11. O-O-O {[%emt 0:09:13]} f5 {[%emt 0:06:15]} 12. Ndf3 {[%emt 0:03:31]} c4 {[%emt 0:02:05]} 13. Be2 {[%emt 0:02:30]} Na5 {[%emt 0:00:38]} 14. Bh4 {[%emt 0:02:25]} Be7 {[%emt 0:01:59]} 15. Bxe7 {[%emt 0:02:47]} Qxe7 {[%emt 0:00:09]} 16. h4 {[%emt 0:01:50]} Nf6 {[%emt 0:03:06]} 17. Rh2 {[%emt 0:03:55]} Ng4 {[%emt 0:02:41]} 18. Nxg4 {[%emt 0:06:02]} fxg4 {[%emt 0:00:06]} 19. Ne5 {[%emt 0:04:10]} Rxf2 {[%emt 0:00:14]} 20. Nxg4 {[%emt 0:00:39]} Rf8 {[%emt 0:00:11]} 21. Ne5 {[%emt 0:01:33]} Nc6 {[%emt 0:02:27]} 22. g4 {[%emt 0:04:33]} Nxe5 {[%emt 0:01:32]} 23. dxe5 {[%emt 0:00:15]} Qg7 {[%emt 0:00:09]} 24. Qd2 {[%emt 0:03:12]} Qxe5 {[%emt 0:01:05]} 25. Rdh1 {[%emt 0:00:31]} Bd7 {[%emt 0:02:56]} 26. Qd4 {[%emt 0:03:29]} Qxd4 {[%emt 0:03:40]} 27. exd4 {[%emt 0:00:14]} Rf4 {[%emt 0:00:09]} 28. Rf1 {[%emt 0:03:00]} Raf8 {[%emt 0:00:34]} 29. Rxf4 {[%emt 0:01:17]} Rxf4 {[%emt 0:00:01]} 30. Kd2 {[%emt 0:01:53]} Kg7 {[%emt 0:03:16]} 31. g5 {[%emt 0:02:00]} b6 {[%emt 0:13:11]} 1/2-1/2

[Event "V Sunway Sitges Open 2018"]
[Site "Sitges"]
[Date "2018.12.15"]
[Round "2"]
[White "Ivanchuk, Vassily"]
[Black "Hoffmann, Max"]
[Result "1-0"]
[WhiteElo "2717"]
[BlackElo "2110"]
[Annotator "TA"]
[PlyCount "93"]
[EventDate "2018.12.14"]
[EventType "swiss"]
[EventCountry "ESP"]
[SourceTitle "playchess.com"]
[Source "ChessBase"]
[SourceQuality "1"]

{[%evp 16,93,63,58,77,75,64,44,37,43,64,66,85,64,91,70,112,116,193,208,189,177,185,171,264,229,292,251,253,207,368,253,251,252,227,220,315,230,281,284,344,222,507,491,573,475,1082,1031,1220,1207,1177,1190,1172,1184,951,677,674,677,677,677,677,677,672,676,676,676,656,599,679,656,1628,1624,1441,1499,1273,1273,1180,1117,964,890]} 1. c4 Nf6 2. Nc3 g6 3. e4 d6 4. d4 Bg7 5. f4 O-O 6. Nf3 Na6 7. Bd3 Bg4 8. O-O Nd7 {E76: King's Indian: Four Pawns Attack: Lines specific to 6 Nf3 move-order} 9. Be2 {LiveBook: 4 Games} c5 10. d5 Nc7 {White is better.} 11. Kh1 $146 ({Predecessor:} 11. Ng5 Bxe2 12. Qxe2 e6 13. dxe6 fxe6 14. Be3 Qe7 15. Rad1 Rad8 16. Bc1 {½-½ (43) Parker,J (2537)-Mestel,A (2499) West Bromwich 2005}) 11... a6 12. a4 b6 13. Be3 Rb8 14. Qd2 Re8 15. Rad1 Nf8 16. f5 Bxf3 (16... Bf6 $16) 17. Rxf3 $18 (17. gxf3 $6 Qd7 $16) (17. Bxf3 b5 $14) 17... Nd7 18. Rdf1 Ne5 19. Rh3 b5 (19... f6 {was necessary.} 20. fxg6 hxg6) 20. axb5 ({Don't take} 20. cxb5 $6 axb5 21. axb5 Nd7 $18) 20... axb5 21. cxb5 c4 22. Bd1 Nd3 $2 (22... Nxb5 23. Nxb5 Rxb5 24. fxg6 fxg6) 23. Ba4 Na8 24. Ne2 {[%cal Bc3e2,Be2d4,Bd4c6][%mdl 32]} Nb6 25. Bc2 Ne5 (25... Qc8 $142 26. Nd4 Nd7) 26. Bh6 {[#] Hoping for Bxg7.} Bh8 27. Nd4 Qc7 28. Nc6 Ra8 $2 (28... Nbd7 {is a better defense.} 29. Nxb8 Rxb8 30. fxg6 fxg6) 29. Nxe5 {White is clearly winning.} Bxe5 30. Qf2 Bf6 {[#]} (30... f6 $142 31. fxg6 hxg6) 31. e5 $1 {[%mdl 512]} dxe5 32. Qg3 Nxd5 33. fxg6 e4 34. gxf7+ Kxf7 35. Bxe4 Qxg3 36. Bxd5+ ({Not} 36. Rxg3 Ke6 $18) 36... e6 37. Rxg3 {Intending Rg7+ and mate.} ({Weaker is} 37. hxg3 exd5 38. Rh5 Re6 $16) 37... exd5 38. Rgf3 Re6 39. Bg5 $1 Ra5 40. Bxf6 Rxb5 41. h3 Re4 42. Bc3+ Ke7 43. Rf7+ Kd6 44. R1f6+ Re6 45. Rxe6+ Kxe6 46. Rxh7 Kf5 47. Rh4 {Accuracy: White = 75%, Black = 31%.} 1-0

[Event "V Sunway Sitges Open 2018"]
[Site "Sitges"]
[Date "2018.12.15"]
[Round "2"]
[White "Sasikiran, Krishnan"]
[Black "Rohith Krishna S"]
[Result "1-0"]
[WhiteElo "2673"]
[BlackElo "2399"]
[Annotator "TA"]
[PlyCount "89"]
[EventDate "2018.12.14"]
[EventType "swiss"]
[EventCountry "ESP"]
[SourceTitle "playchess.com"]
[Source "ChessBase"]
[SourceQuality "1"]

{[%evp 26,89,65,72,88,56,100,100,100,100,100,100,100,100,100,100,101,100,103,110,103,95,118,111,118,118,147,118,130,94,137,130,228,230,380,275,290,281,364,347,335,272,458,323,745,731,681,646,827,1025,999,954,1257,1209,5102,5102,5098,4978,29978,29979,29976,6495,29988,6495,29975,1731]} 1. e4 e5 2. Nf3 Nc6 3. Bb5 a6 4. Ba4 Nf6 5. O-O Be7 6. Re1 b5 7. Bb3 d6 8. c3 O-O 9. h3 Na5 10. Bc2 c5 11. d4 Qc7 12. Nbd2 {[%cal Bb1d2,Bd2f1,Bf1g3][%mdl 32]} Nc6 13. d5 Nb8 14. a4 {LiveBook: 6 Games. C98: Closed Ruy Lopez: Chigorin Defence: 11 d4 Qc7 12 Nbd2 Nc6} Ra7 15. b4 c4 $146 ({Predecessor:} 15... Nbd7 16. Nb3 bxa4 17. Na5 Ra8 18. Be3 Bd8 19. Nd2 cxb4 20. cxb4 Nb6 21. Bd3 Bd7 {1-0 (38) Zhigalko,A (2585)-Donmez,U (1919) Malatya 2015}) 16. Nf1 {White is better.} Re8 17. Be3 Rb7 18. Ng3 Bf8 19. axb5 axb5 20. Ra5 g6 21. Qd2 Bg7 22. Rea1 Re7 23. Bg5 Bd7 24. Nh4 Re8 25. Qe3 Qd8 26. Nf3 {[%cal Bh4f3,Bf3h2,Bh2g4][%mdl 32]} Re7 27. Ra8 Be8 28. Nh2 Rec7 (28... Bd7 $16 {was necessary.} 29. Bd1 Bc8) 29. Ng4 $1 $18 {And now Qf3 would win.} h5 (29... Bd7 $142 30. Nh6+ (30. Nxf6+ Bxf6 31. Bxf6 Qxf6 $16) 30... Bxh6) 30. Nh6+ Bxh6 31. Bxh6 Nh7 32. Nxh5 Qh4 33. Ng3 Bd7 $2 (33... f6 {might work better.} 34. Bd1 Ng5) 34. Bd1 f5 $2 (34... Bc8 35. Qc1 Rd7) 35. exf5 gxf5 36. Nh5 f4 37. Qe4 {Qg6+ would kill now.} Be8 38. Qf5 Bxh5 39. Bxh5 Qf6 40. Qg4+ Kh8 {[#]} 41. R1a7 $1 {[%mdl 512] Intending Rxb7 and mate.} Qd8 (41... Rxa7 42. Rxb8+) 42. Rxb7 Rxb7 43. Bg6 (43. Qf5 $142 Rc7 44. Bg6 Qc8 45. Bxh7 Qxf5 46. Bxf5 Rb7 47. Bc8 Re7 48. Rxb8) 43... Qc7 44. Qe6 (44. Qf5 $142 f3 45. Bxh7 Qd8 46. Bg5 Qxg5 47. Qxg5 Kxh7 48. Qh5+ Kg7 49. Qxf3) 44... Qd8 45. Bf7 {Accuracy: White = 66%, Black = 35%.} (45. Qf5 $142 Rc7 46. Bxh7 Qe8 47. Bg6 Qc8 48. Qf6+ {[%mdl 64] Double Attack} Kg8 {[#]} 49. Bf7+ $1 {[%mdl 576] Clearance} Rxf7 50. Qg6+ Kh8 51. Qxf7 Qg8 52. Rxb8 $1 {[%mdl 576] Deflection} Qxb8 53. Qg7#) 1-0

[Event "V Sunway Sitges Open 2018"]
[Site "Sitges"]
[Date "2018.12.15"]
[Round "2"]
[White "Vocaturo, Daniele"]
[Black "Medarde Santiago, Luis Marcos"]
[Result "1-0"]
[WhiteElo "2629"]
[BlackElo "2386"]
[Annotator "TA"]
[PlyCount "85"]
[EventDate "2018.12.14"]
[EventType "swiss"]
[EventCountry "ESP"]
[SourceTitle "playchess.com"]
[Source "ChessBase"]
[SourceQuality "1"]

{[%evp 17,85,39,43,38,36,14,15,15,15,11,16,16,12,14,24,15,15,16,29,29,29,22,28,22,22,15,19,19,26,28,58,58,58,58,77,73,82,39,46,0,37,-18,21,12,12,0,156,123,129,123,130,117,227,226,200,218,1073,1054,969,918,1150,1153,2008,1593,29984,29985,29991,29991,29991,29992]} 1. e4 c5 2. Nf3 g6 3. d4 cxd4 4. Nxd4 Nc6 5. c4 Nf6 6. Nc3 d6 7. f3 Bg7 8. Be3 O-O 9. Be2 Nh5 {LiveBook: 5 Games. B38: Sicilian: Maroczy Bind with 5...Bg7 and 7...0-0} (9... Nxd4 10. Bxd4 Be6 11. O-O Qa5 12. Rc1 Rfc8 13. b3 a6 14. f4 b5 15. f5 Bd7 16. Bxf6 Bxf6 17. Nd5 Bg5 18. Rc3 e6 19. Rg3 Bh4 20. Rg4 {1-0 (30) Efimenko,Z (2651)-Korobov,A (2692) Rivne 2016}) 10. O-O Qb6 $146 {[%cal Rg7d4]} ({Predecessor:} 10... Nf4 11. Kh1 Nxd4 12. Bxd4 Bxd4 13. Qxd4 Qa5 14. Qe3 Qe5 15. Rfd1 Be6 16. Bf1 g5 17. Rac1 {½-½ (63) Maletin,P (2586)-Shcherbakov,R (2516) Sochi 2018}) 11. Ncb5 (11. Nc2 {keeps more tension.} Qa5 12. Qd2 f5 13. exf5 Bxf5 14. Rac1) 11... Nxd4 {The position is equal.} 12. Bxd4 Bxd4+ 13. Qxd4 Qxd4+ 14. Nxd4 Nf4 {...e5 is the strong threat.} 15. Kf2 Ne6 16. Nc2 Nf4 17. Rfd1 Nxe2 18. Kxe2 Be6 19. b3 Rfc8 20. Nd4 Bd7 21. Ke3 Kf8 22. Rd2 a6 23. a4 a5 24. Ne2 Bc6 25. g4 h6 26. h4 f6 27. f4 Kf7 28. Rf1 Rg8 (28... f5 $5) 29. e5 (29. Nd4 $14) 29... Rad8 30. Nd4 Bd7 31. g5 Be6 $2 ({Black should play} 31... hxg5 $11 32. hxg5 Rh8) 32. exf6 (32. gxh6 Bc8 $16) 32... exf6 33. Nb5 d5 {[#]} 34. c5 $1 ({Much less strong is} 34. gxh6 $6 dxc4 35. Nd6+ Ke7 $14) 34... d4+ (34... Rge8 $16) 35. Rxd4 $18 Rxd4 36. Kxd4 ({Don't do} 36. Nxd4 $6 hxg5 37. fxg5 f5 $16) 36... Bxb3 $2 {[%mdl 4096] Endgame KRB-KRN} (36... fxg5 37. Nd6+ (37. fxg5+ Ke7 $16) (37. hxg5 hxg5 38. Nd6+ Kf6 $16) 37... Ke7) 37. Nd6+ Ke7 38. Re1+ Be6 39. gxh6 Rh8 40. h5 {[%cal Bh4h5,Bh5g6,Bg6g7][%mdl 32]} f5 41. hxg6 {White mates.} Kf6 42. g7 Rxh6 {[#]} 43. Rxe6+ $1 {[%mdl 512] Accuracy: White = 61%, Black = 33%.} 1-0

[Event "V Sunway Sitges Open 2018"]
[Site "Sitges"]
[Date "2018.12.15"]
[Round "2"]
[White "Indjic, Aleksandar"]
[Black "Roy, Prantik"]
[Result "1/2-1/2"]
[WhiteElo "2620"]
[BlackElo "2382"]
[Annotator "TA"]
[PlyCount "129"]
[EventDate "2018.12.14"]
[EventType "swiss"]
[EventCountry "ESP"]
[SourceTitle "playchess.com"]
[Source "ChessBase"]
[SourceQuality "1"]

{[%evp 13,129,0,1,-11,0,5,14,0,0,0,0,0,7,0,0,0,0,0,11,16,18,20,16,15,21,12,13,10,33,39,33,16,44,36,34,33,42,6,5,5,5,6,6,6,7,6,9,4,4,0,0,0,6,6,6,6,8,8,8,0,6,0,25,13,48,49,48,40,41,42,42,49,49,49,45,45,53,49,60,47,48,48,47,43,35,35,40,42,35,0,62,64,64,61,62,62,61,60,60,51,47,50,76,15,15,15,15,15,15,15,15,0,0,0,15,0,0,0]} 1. d4 e6 2. Nf3 d5 3. c4 c6 4. Bg5 Be7 5. Bxe7 Qxe7 6. Nbd2 Nf6 {D30: Queen's Gambit Declined: Systems without Nc3} 7. g3 O-O {LiveBook: 10 Games} 8. Qc2 (8. Bg2 b6 9. O-O Bb7 10. Ne5 Nbd7 11. Nxd7 Nxd7 12. Rc1 Rfd8 13. Qb3 Rab8 14. Rfd1 {½-½ (36) Radjabov,T (2741)-Rapport,R (2692) Palma de Mallorca 2017}) 8... Nbd7 9. Bg2 e5 {Threatening ...e4.} 10. dxe5 Nxe5 11. cxd5 $146 ({Predecessor:} 11. Nxe5 Qxe5 12. cxd5 Nxd5 {0-1 (58) Borges Matos,J (2425)-Quesada Perez,Y (2513) Monterrey 2015}) 11... Nxd5 12. O-O Nxf3+ 13. Nxf3 Bg4 14. a3 Rfe8 15. Rfe1 Nf6 16. h3 Bxf3 17. Bxf3 Rad8 18. b4 Qe5 19. Rad1 g6 20. a4 Rd4 21. Rxd4 Qxd4 22. b5 cxb5 23. axb5 Ne4 24. e3 Qe5 25. Kg2 Qxb5 26. Rb1 Qc6 27. Qxc6 bxc6 $11 {[%mdl 4096] Endgame KRB-KRN} 28. Rb7 a5 29. Ra7 Re5 30. Ra6 Kg7 31. Rxc6 Ng5 32. Be2 Ne6 33. Ra6 Rc5 34. Ra7 Nc7 35. Bd1 Kf6 36. g4 h6 37. h4 Ne6 38. Kg3 Rc1 39. Bb3 Rg1+ 40. Kf3 Rh1 41. Bd5 Ra1 42. Kg2 Ra3 43. Kg3 Nd8 44. Kf3 Ra1 45. Kg2 Ra3 $1 46. Kf1 Ra1+ 47. Ke2 Rg1 $1 48. Ra6+ Ne6 49. Kf3 Ra1 50. Kg2 Ra3 51. Ra7 Nd8 52. g5+ hxg5 53. hxg5+ Kxg5 54. Rd7 Ne6 55. Rxf7 Nc5 56. f4+ Kh6 $1 57. Rc7 Rc3 58. Bg8 (58. Kf3 $16 {Hoping for Bg8.} Ne4 59. Ra7) 58... g5 {The position is equal.} 59. f5 {[%csl Gg8][%cal Rc7h7,Bf4f5,Bf5f6][%mdl 32] [#]} g4 60. Rc6+ Kg5 61. f6 Rc2+ 62. Kg1 Rc1+ $1 63. Kg2 {[#] Threatens to win with f7.} Rc2+ 64. Kg1 Rc1+ $1 65. Kg2 {Accuracy: White = 66%, Black = 79%.} 1/2-1/2

[Event "V Sunway Sitges Open 2018"]
[Site "Sitges"]
[Date "2018.12.15"]
[Round "2"]
[White "Gordievsky, Dmitry"]
[Black "Baghdasaryan, Vahe"]
[Result "1/2-1/2"]
[WhiteElo "2614"]
[BlackElo "2376"]
[Annotator "TA"]
[PlyCount "112"]
[EventDate "2018.12.14"]
[EventType "swiss"]
[EventCountry "ESP"]
[SourceTitle "playchess.com"]
[Source "ChessBase"]
[SourceQuality "1"]

{[%evp 12,112,27,27,29,30,28,17,18,21,21,-8,8,9,18,32,33,18,27,17,16,8,14,-6,0,-13,-6,-13,-10,-35,-8,-11,-15,-37,-24,-24,-24,-25,-37,-28,-37,-56,-26,-32,0,0,0,0,24,24,31,8,10,11,37,0,0,-10,0,0,-14,-8,0,0,29,20,22,8,8,8,79,80,80,80,87,81,81,8,8,8,8,8,8,8,8,8,8,8,8,8,8,8,8,8,8,8,8,8,8,8,8,8,8]} 1. e4 c5 2. Be2 Nc6 3. f4 g6 4. Nf3 Bg7 5. O-O d5 (5... d6 6. c3 Nf6 7. d3 Rb8 8. a4 a6 9. Kh1 O-O 10. Be3 c4 11. Nbd2 cxd3 12. Bxd3 b5 13. axb5 axb5 {1-0 (34) Adhiban,B (2655)-Wang,Y (2690) Riadh 2017}) 6. d3 {B21: Sicilian: 2 f4 and Morra Gambit} Bg4 7. c3 {LiveBook: 3 Games} e6 8. Be3 $146 {White has an edge.} ({Predecessor:} 8. Nbd2 Nf6 9. Qe1 O-O 10. Qh4 Bxf3 11. Rxf3 c4 12. Rh3 cxd3 13. Bxd3 {½-½ (33) Rendle,T (2381)-Slavin,A (2397) England 2013}) 8... d4 9. Bf2 Bxf3 10. Bxf3 Nge7 11. g3 O-O 12. e5 Qd7 13. Nd2 Rad8 14. Ne4 b6 15. c4 f6 16. exf6 Bxf6 17. Qe2 Bg7 18. Bg2 e5 19. fxe5 Nxe5 20. Kh1 Rde8 21. Bg1 Nf5 {[%cal Be7f5,Bf5h4,Bh4f3][%mdl 32]} 22. Rad1 h5 23. a3 h4 24. gxh4 Nxh4 25. Rxf8+ Rxf8 26. Rf1 Rxf1 27. Bxf1 Nhf3 28. Bf2 Qf5 29. Bg3 g5 30. Nf2 g4 31. b4 cxb4 32. axb4 Bh6 33. Qe4 Qxe4 34. Nxe4 a5 $1 {[%cal Ra5a4]} 35. bxa5 bxa5 {White must now prevent ...a4.} 36. Nc5 Bf8 37. Na4 Nd7 38. Bc7 Bb4 39. Kg2 Kf7 40. Kg3 Nd2 (40... Ng5 $11 {remains equal.}) 41. Be2 $16 Nb3 42. Kxg4 Ndc5 43. Nxc5 Nxc5 {[%mdl 4096] Endgame [#] KBB-KBN} 44. Be5 (44. Bb6 $1 $16) 44... Bc3 $11 {The position is equal.} 45. Bd6 Nb7 $1 {[%cal Rb7d6]} 46. Ba3 {aiming for Kf5.} Bb4 47. Bb2 {Threatens to win with Kf5.} Bc3 48. Bc1 {Threatening Bd1.} Nc5 49. Kf5 Bb4 $1 50. Bb2 Bc3 51. Ba3 Bb4 52. Bxb4 axb4 53. Ke5 b3 54. Bd1 Nxd3+ 55. Kxd4 Nb2 56. Bxb3 {[#] And now c5+ would win.} Nxc4 $1 {Accuracy: White = 66%, Black = 61%.} 1/2-1/2